Normal view
MARC view
- Convention on the Prohibition of the Development, Production, and Stockpiling of Bacteriological (Biological) and Toxin Weapons and on Their Destruction
Entry Uniform Title
001 - CONTROL NUMBER
- control field: 85801
003 - CONTROL NUMBER IDENTIFIER
- control field: NUST
005 - DATE AND TIME OF LATEST TRANSACTION
- control field: 20211206184201.0
008 - FIXED-LENGTH DATA ELEMENTS
- fixed length control field: 211206|| aca||aabn | a|a d
040 ## - CATALOGING SOURCE
- Original cataloging agency: NUST
- Transcribing agency: NUST
130 ## - HEADING--UNIFORM TITLE
- Uniform title: Convention on the Prohibition of the Development, Production, and Stockpiling of Bacteriological (Biological) and Toxin Weapons and on Their Destruction
- Date of treaty signing: (1972)
670 ## - SOURCE DATA FOUND
- Source citation: Work cat.: (NUST)0: Dando, Malcolm. 85797, Biological warfare in the 21st century :, 1994.
